000 00289cam a2200109ua 4500
082 _a930
_bLEN/PO
100 _aLenin, V.I .
_91782
245 _aPourastya Desathe Deseeya Vimochana Prastanam /
260 _aThrissur :
_bNavabharath Publications ,
_c1963.
300 _a359 ; .
942 _cBK
999 _c4938
_d4938